<?xml version="1.0" encoding="UTF-8"?><marc:collection xmlns:marc="http://www.loc.gov/MARC21/slim">
  <marc:record>
    <marc:leader>02996nam#a2200793#ib4500</marc:leader>
    <marc:controlfield tag="001">almahu_BV012300380</marc:controlfield>
    <marc:controlfield tag="003">DE-602</marc:controlfield>
    <marc:controlfield tag="005">20210801233022.0</marc:controlfield>
    <marc:controlfield tag="007">tu</marc:controlfield>
    <marc:controlfield tag="008">981201|1998####gw######r#####|||#u#ger#u</marc:controlfield>
    <marc:datafield tag="016" ind1="7" ind2=" ">
      <marc:subfield code="a">75973777</marc:subfield>
      <marc:subfield code="2">OCoLC</marc:subfield>
    </marc:datafield>
    <marc:datafield tag="020" ind1=" " ind2=" ">
      <marc:subfield code="a">3-933191-16-5</marc:subfield>
      <marc:subfield code="c">brosch. (kostenlos)</marc:subfield>
    </marc:datafield>
    <marc:datafield tag="035" ind1=" " ind2=" ">
      <marc:subfield code="a">BV012300380</marc:subfield>
    </marc:datafield>
    <marc:datafield tag="035" ind1=" " ind2=" ">
      <marc:subfield code="a">(DE-599)BVBBV012300380</marc:subfield>
    </marc:datafield>
    <marc:datafield tag="035" ind1=" " ind2=" ">
      <marc:subfield code="a">(DE-604)BV012300380</marc:subfield>
    </marc:datafield>
    <marc:datafield tag="040" ind1=" " ind2=" ">
      <marc:subfield code="c">DE-604</marc:subfield>
      <marc:subfield code="e">rakwb</marc:subfield>
      <marc:subfield code="a">20------</marc:subfield>
      <marc:subfield code="d">20------</marc:subfield>
    </marc:datafield>
    <marc:datafield tag="041" ind1=" " ind2="7">
      <marc:subfield code="a">ger</marc:subfield>
      <marc:subfield code="2">ISO 639-2</marc:subfield>
    </marc:datafield>
    <marc:datafield tag="044" ind1=" " ind2=" ">
      <marc:subfield code="a">gw</marc:subfield>
      <marc:subfield code="c">DE</marc:subfield>
    </marc:datafield>
    <marc:datafield tag="049" ind1=" " ind2=" ">
      <marc:subfield code="a">DE-11;BV012300380</marc:subfield>
    </marc:datafield>
    <marc:datafield tag="049" ind1=" " ind2=" ">
      <marc:subfield code="a">DE-609;12628307</marc:subfield>
    </marc:datafield>
    <marc:datafield tag="084" ind1=" " ind2=" ">
      <marc:subfield code="a">DO 7000</marc:subfield>
      <marc:subfield code="2">rvk</marc:subfield>
    </marc:datafield>
    <marc:datafield tag="084" ind1=" " ind2=" ">
      <marc:subfield code="a">DG 5000</marc:subfield>
      <marc:subfield code="2">rvk</marc:subfield>
    </marc:datafield>
    <marc:datafield tag="084" ind1=" " ind2=" ">
      <marc:subfield code="a">DP 6500</marc:subfield>
      <marc:subfield code="2">rvk</marc:subfield>
    </marc:datafield>
    <marc:datafield tag="100" ind1="1" ind2=" ">
      <marc:subfield code="a">Winter, Reinhard</marc:subfield>
    </marc:datafield>
    <marc:datafield tag="245" ind1="1" ind2="0">
      <marc:subfield code="a">Kompetent, authentisch und normal? :</marc:subfield>
      <marc:subfield code="b">aufklärungsrelevante Gesundheitsprobleme, Sexualaufklärung und Beratung von Jungen ; eine qualitative Studie im Auftrag der BZgA /</marc:subfield>
      <marc:subfield code="c">von Reinhard Winter und Gunter Neubauer.</marc:subfield>
    </marc:datafield>
    <marc:datafield tag="264" ind1=" " ind2="1">
      <marc:subfield code="a">Köln :</marc:subfield>
      <marc:subfield code="b">BZgA,</marc:subfield>
      <marc:subfield code="c">1998.</marc:subfield>
    </marc:datafield>
    <marc:datafield tag="300" ind1=" " ind2=" ">
      <marc:subfield code="a">386 S.</marc:subfield>
    </marc:datafield>
    <marc:datafield tag="336" ind1=" " ind2=" ">
      <marc:subfield code="b">txt</marc:subfield>
      <marc:subfield code="2">rdacontent</marc:subfield>
    </marc:datafield>
    <marc:datafield tag="337" ind1=" " ind2=" ">
      <marc:subfield code="b">n</marc:subfield>
      <marc:subfield code="2">rdamedia</marc:subfield>
    </marc:datafield>
    <marc:datafield tag="338" ind1=" " ind2=" ">
      <marc:subfield code="b">nc</marc:subfield>
      <marc:subfield code="2">rdacarrier</marc:subfield>
    </marc:datafield>
    <marc:datafield tag="490" ind1="1" ind2=" ">
      <marc:subfield code="a">Forschung und Praxis der Sexualaufklärung und Familienplanung</marc:subfield>
      <marc:subfield code="v">14</marc:subfield>
    </marc:datafield>
    <marc:datafield tag="650" ind1=" " ind2="7">
      <marc:subfield code="a">Männliche Jugend.</marc:subfield>
      <marc:subfield code="0">(DE-588)4290802-4</marc:subfield>
      <marc:subfield code="2">gnd</marc:subfield>
      <marc:subfield code="9">rswk-swf</marc:subfield>
    </marc:datafield>
    <marc:datafield tag="650" ind1=" " ind2="7">
      <marc:subfield code="a">Gesundheitsverhalten.</marc:subfield>
      <marc:subfield code="0">(DE-588)4020774-2</marc:subfield>
      <marc:subfield code="2">gnd</marc:subfield>
      <marc:subfield code="9">rswk-swf</marc:subfield>
    </marc:datafield>
    <marc:datafield tag="650" ind1=" " ind2="7">
      <marc:subfield code="a">Männerbild.</marc:subfield>
      <marc:subfield code="0">(DE-588)4139085-4</marc:subfield>
      <marc:subfield code="2">gnd</marc:subfield>
      <marc:subfield code="9">rswk-swf</marc:subfield>
    </marc:datafield>
    <marc:datafield tag="650" ind1=" " ind2="7">
      <marc:subfield code="a">Sexualverhalten.</marc:subfield>
      <marc:subfield code="0">(DE-588)4116485-4</marc:subfield>
      <marc:subfield code="2">gnd</marc:subfield>
      <marc:subfield code="9">rswk-swf</marc:subfield>
    </marc:datafield>
    <marc:datafield tag="651" ind1=" " ind2="7">
      <marc:subfield code="a">Deutschland.</marc:subfield>
      <marc:subfield code="0">(DE-588)4011882-4</marc:subfield>
      <marc:subfield code="2">gnd</marc:subfield>
      <marc:subfield code="9">rswk-swf</marc:subfield>
    </marc:datafield>
    <marc:datafield tag="689" ind1="0" ind2="0">
      <marc:subfield code="g">Deutschland</marc:subfield>
      <marc:subfield code="0">(DE-588)4011882-4</marc:subfield>
      <marc:subfield code="2">gnd</marc:subfield>
    </marc:datafield>
    <marc:datafield tag="689" ind1="0" ind2="1">
      <marc:subfield code="s">Männliche Jugend</marc:subfield>
      <marc:subfield code="0">(DE-588)4290802-4</marc:subfield>
      <marc:subfield code="2">gnd</marc:subfield>
    </marc:datafield>
    <marc:datafield tag="689" ind1="0" ind2="2">
      <marc:subfield code="s">Gesundheitsverhalten</marc:subfield>
      <marc:subfield code="0">(DE-588)4020774-2</marc:subfield>
      <marc:subfield code="2">gnd</marc:subfield>
    </marc:datafield>
    <marc:datafield tag="689" ind1="1" ind2="0">
      <marc:subfield code="g">Deutschland</marc:subfield>
      <marc:subfield code="0">(DE-588)4011882-4</marc:subfield>
      <marc:subfield code="2">gnd</marc:subfield>
    </marc:datafield>
    <marc:datafield tag="689" ind1="1" ind2="1">
      <marc:subfield code="s">Männerbild</marc:subfield>
      <marc:subfield code="0">(DE-588)4139085-4</marc:subfield>
      <marc:subfield code="2">gnd</marc:subfield>
    </marc:datafield>
    <marc:datafield tag="689" ind1="1" ind2="2">
      <marc:subfield code="s">Männliche Jugend</marc:subfield>
      <marc:subfield code="0">(DE-588)4290802-4</marc:subfield>
      <marc:subfield code="2">gnd</marc:subfield>
    </marc:datafield>
    <marc:datafield tag="689" ind1="1" ind2="3">
      <marc:subfield code="s">Sexualverhalten</marc:subfield>
      <marc:subfield code="0">(DE-588)4116485-4</marc:subfield>
      <marc:subfield code="2">gnd</marc:subfield>
    </marc:datafield>
    <marc:datafield tag="700" ind1="1" ind2=" ">
      <marc:subfield code="a">Neubauer, Gunter</marc:subfield>
    </marc:datafield>
    <marc:datafield tag="830" ind1=" " ind2="0">
      <marc:subfield code="a">Forschung und Praxis der Sexualaufklärung und Familienplanung</marc:subfield>
      <marc:subfield code="w">BV010469214</marc:subfield>
      <marc:subfield code="v">14</marc:subfield>
      <marc:subfield code="9">14</marc:subfield>
    </marc:datafield>
    <marc:datafield tag="852" ind1="7" ind2=" ">
      <marc:subfield code="b">ZB011</marc:subfield>
      <marc:subfield code="c">0042</marc:subfield>
      <marc:subfield code="h">2007 MHA 49:F8</marc:subfield>
      <marc:subfield code="2">zde11nc</marc:subfield>
      <marc:subfield code="8">22588477160002882</marc:subfield>
    </marc:datafield>
    <marc:datafield tag="852" ind1="7" ind2=" ">
      <marc:subfield code="b">ZB011</marc:subfield>
      <marc:subfield code="c">0042</marc:subfield>
      <marc:subfield code="h">2007 MHA 49'a':F8</marc:subfield>
      <marc:subfield code="2">zde11nc</marc:subfield>
      <marc:subfield code="8">22588477180002882</marc:subfield>
    </marc:datafield>
    <marc:datafield tag="924" ind1=" " ind2=" ">
      <marc:subfield code="a">BV012300380</marc:subfield>
      <marc:subfield code="b">DE-11</marc:subfield>
      <marc:subfield code="c">KOBV</marc:subfield>
      <marc:subfield code="d">c</marc:subfield>
      <marc:subfield code="c">KOBV</marc:subfield>
    </marc:datafield>
    <marc:datafield tag="924" ind1=" " ind2=" ">
      <marc:subfield code="a">12628307</marc:subfield>
      <marc:subfield code="b">DE-609</marc:subfield>
      <marc:subfield code="c">KOBV</marc:subfield>
      <marc:subfield code="d">c</marc:subfield>
      <marc:subfield code="c">KOBV</marc:subfield>
    </marc:datafield>
    <marc:datafield tag="942" ind1=" " ind2=" ">
      <marc:subfield code="a">5</marc:subfield>
    </marc:datafield>
    <marc:datafield tag="950" ind1=" " ind2=" ">
      <marc:subfield code="s">false</marc:subfield>
    </marc:datafield>
    <marc:datafield tag="967" ind1="0" ind2="0">
      <marc:subfield code="g">Deutschland</marc:subfield>
    </marc:datafield>
    <marc:datafield tag="967" ind1="0" ind2="1">
      <marc:subfield code="s">Männliche Jugend</marc:subfield>
    </marc:datafield>
    <marc:datafield tag="967" ind1="0" ind2="2">
      <marc:subfield code="s">Gesundheitsverhalten</marc:subfield>
    </marc:datafield>
    <marc:datafield tag="967" ind1="1" ind2="0">
      <marc:subfield code="g">Deutschland</marc:subfield>
    </marc:datafield>
    <marc:datafield tag="967" ind1="1" ind2="1">
      <marc:subfield code="s">Männerbild</marc:subfield>
    </marc:datafield>
    <marc:datafield tag="967" ind1="1" ind2="2">
      <marc:subfield code="s">Männliche Jugend</marc:subfield>
    </marc:datafield>
    <marc:datafield tag="967" ind1="1" ind2="3">
      <marc:subfield code="s">Sexualverhalten</marc:subfield>
    </marc:datafield>
    <marc:datafield tag="968" ind1=" " ind2=" ">
      <marc:subfield code="a">DO 7000</marc:subfield>
    </marc:datafield>
    <marc:datafield tag="968" ind1=" " ind2=" ">
      <marc:subfield code="a">DG 5000</marc:subfield>
    </marc:datafield>
    <marc:datafield tag="968" ind1=" " ind2=" ">
      <marc:subfield code="a">DP 6500</marc:subfield>
    </marc:datafield>
    <marc:datafield tag="969" ind1=" " ind2=" ">
      <marc:subfield code="a">BV012300380</marc:subfield>
      <marc:subfield code="9">990024104270302882</marc:subfield>
    </marc:datafield>
    <marc:datafield tag="969" ind1=" " ind2=" ">
      <marc:subfield code="c">BV010469214</marc:subfield>
      <marc:subfield code="8">990013488180302882</marc:subfield>
    </marc:datafield>
    <marc:datafield tag="980" ind1="b" ind2=" ">
      <marc:subfield code="a">Haeberle-Hirschfeld-Archiv</marc:subfield>
      <marc:subfield code="2">ZB011</marc:subfield>
    </marc:datafield>
    <marc:datafield tag="992" ind1=" " ind2=" ">
      <marc:subfield code="w">BV010469214</marc:subfield>
    </marc:datafield>
    <marc:datafield tag="999" ind1=" " ind2=" ">
      <marc:subfield code="a">oai:alma.49KOBV_HUB:990024104270302882</marc:subfield>
    </marc:datafield>
    <marc:datafield tag="AVA" ind1=" " ind2=" ">
      <marc:subfield code="8">23588477150002882</marc:subfield>
      <marc:subfield code="e">1</marc:subfield>
      <marc:subfield code="r">23</marc:subfield>
      <marc:subfield code="c">0042</marc:subfield>
      <marc:subfield code="d">2007 MHA 49:F8</marc:subfield>
      <marc:subfield code="s">00001101231693</marc:subfield>
      <marc:subfield code="b">ZB011</marc:subfield>
    </marc:datafield>
    <marc:datafield tag="AVA" ind1=" " ind2=" ">
      <marc:subfield code="8">23588477170002882</marc:subfield>
      <marc:subfield code="e">1</marc:subfield>
      <marc:subfield code="r">23</marc:subfield>
      <marc:subfield code="c">0042</marc:subfield>
      <marc:subfield code="d">2007 MHA 49'a':F8</marc:subfield>
      <marc:subfield code="s">00001101229126</marc:subfield>
      <marc:subfield code="b">ZB011</marc:subfield>
    </marc:datafield>
    <marc:datafield tag="TYP" ind1=" " ind2=" ">
      <marc:subfield code="8">990013488180302882</marc:subfield>
      <marc:subfield code="a">Contains</marc:subfield>
    </marc:datafield>
  </marc:record>
</marc:collection>
